Movies Quiz

Random Movies Quiz

Movies by First Frame Quiz Stats

 Plays Quiz Updated Jul 7, 2014

Support Sporcle.
Go Orange.
Score 0/24 Timer 10:00
0 Plays Today
% Correct
Finding Nemo
97.4%
Singin' in the Rain
83.9%
The Godfather Part II
67.9%
The Breakfast Club
65.9%
It's a Wonderful Life
62.5%
Erin Brockovich
61.8%
Annie Hall
55.7%
Pitch Perfect
54%
Raising Arizona
51.6%
Milk
48.6%
Airplane!
46.2%
Escape From New York
36.7%
% Correct
Full Metal Jacket
36.3%
Ghostbusters
35.3%
Moulin Rouge!
35.2%
Pacific Rim
35.2%
Collateral
31.3%
American Graffiti
30.1%
The World's End
26.5%
Lincoln
23.3%
This is Spinal Tap
23.2%
Bronson
19.4%
To Kill a Mockingbird
18.2%
Donnie Darko
17.5%

You're not logged in!

Compare scores with friends on all Sporcle quizzes.
OR
Log In

From the Vault

Find the Name Misfits

by ghcgh

No "lasers" required to complete this quiz.
Remove Ads.
Support Sporcle.
Get the best of Sporcle when you Go Orange. This ad-free experience offers more features, more stats, and more fun while also helping to support Sporcle. Thank you for becoming a member.

Show Comments

Extras

Top Quizzes Today


Score Distribution

Your Account Isn't Verified!

In order to create a playlist on Sporcle, you need to verify the email address you used during registration. Go to your Sporcle Settings to finish the process.

Report this User

Report this user for behavior that violates our Community Guidelines.

Details: